Sur les equivalences homotopiques des variedes differentiables

Shranjeno v:
Bibliografske podrobnosti
Glavni avtor: Guíñez Matamala, Jorge (Author)
Format: Knjiga
Jezik:francoščina
Izdano: Lille Faculte des Sciences de Lille 1968
Teme:
Oznake: Označite
Brez oznak, prvi označite!

MARC

LEADER 00000nam a2200000 a 4500
001 UCQ9933
003 CL-VaPUC
008 990128e19680000fr |||||||||||||||||fre|d
082 0 4 |a 514.72  |b GUI  |2 21 
100 |a Guíñez Matamala, Jorge  |e author  |9 623201 
245 1 0 |a Sur les equivalences homotopiques des variedes differentiables 
300 |a 98 p 
942 |c BK 
945 |d 19990128 00:00:00  |a crobeson 
260 |a Lille  |b Faculte des Sciences de Lille  |c 1968 
650 0 |a Variedades diferenciales  |9 270032 
650 0 |a Topología diferencial  |9 423983 
650 7 |a TEORIA DE LA HOMOTOPIA  |2 CL-VaPUC  |9 424638 
583 |a last modification  |c 20150507 04:21:09  |k Rodrigo Vera 
999 |c 278832  |d 278830 
952 |0 0  |1 0  |4 0  |6 514_720000000000000_GUI_1968  |7 0  |8 A  |9 317619  |a BIBMAT  |b BIBMAT  |d 2019-11-20  |i 131937K  |o 514.72 GUI 1968  |p 131937K  |r 2025-01-07  |w 2019-11-20  |y BK  |k MAT